[Event "Nacional Sub 14 Femenino"]
[Site "Santiago de Cali Valle"]
[Date "????.??.??"]
[Round "3.1"]
[White "Rodriguez, Paula"]
[Black "Baquero, Yuri"]
[Result "1/2-1/2"]
[WhiteElo "1705"]
[BlackElo "1631"]
[PlyCount "79"]
[EventDate "2007.03.30"]

1. d4 d5 2. c4 c6 3. e3 Bf5 4. Nc3 e6 5. Nf3 Nd7 6. cxd5 cxd5 7. Bb5 Bd6 8. O-O
Ne7 9. Re1 a6 10. Be2 Nc6 11. a3 O-O 12. Bd2 Qc7 13. h3 Nf6 14. Rc1 Rfe8 15.
Na2 Qd7 16. Nc3 Rad8 17. Nh4 Be4 18. Nf3 e5 19. dxe5 Nxe5 20. Nxe5 Bxe5 21.
Nxe4 Nxe4 22. Rb1 d4 23. Bf3 Nxd2 24. Qxd2 dxe3 25. Qxd7 exf2+ 26. Kxf2 Rxd7
27. Kf1 Rde7 28. Rbc1 g6 29. Rc2 Bg3 30. Rxe7 Rxe7 31. Rc1 Kg7 32. Be2 Rd7 33.
Rd1 Rxd1+ 34. Bxd1 Kf6 35. Ke2 Ke5 36. Ke3 f5 37. b3 g5 38. a4 b6 39. Be2 a5
40. Bc4 1/2-1/2

[Event "Nacional Sub 14 Femenino"]
[Site "Santiago de Cali Valle"]
[Date "????.??.??"]
[Round "3.2"]
[White "Salazar, Aura"]
[Black "Mora, Monica"]
[Result "1-0"]
[WhiteElo "1663"]
[BlackElo "1688"]
[PlyCount "98"]
[EventDate "2007.03.30"]

1. e4 e5 2. Nf3 Nc6 3. Bb5 a6 4. Ba4 Nf6 5. O-O d6 6. Re1 b5 7. Bb3 Be7 8. c3
O-O 9. h3 Be6 10. Bxe6 fxe6 11. d4 exd4 12. cxd4 d5 13. exd5 exd5 14. Nc3 Bd6
15. Ne5 Ne7 16. Bg5 c6 17. Bxf6 Rxf6 18. Qg4 Qc8 19. Qxc8+ Rxc8 20. Rac1 Ng6
21. Nxd5 Bxe5 22. dxe5 Re6 23. f4 Rd8 24. Nc7 Re7 25. Rxc6 Nxf4 26. Nxa6 Nd3
27. Rd1 Rxe5 28. Nc5 Red5 29. Nxd3 Rxd3 30. Rxd3 Rxd3 31. Rc5 b4 32. Rc4 b3 33.
axb3 Rxb3 34. Rc2 Kf7 35. Re2 h6 36. Kf2 Kf6 37. Ke1 g5 38. Kd1 h5 39. Kc2 Rb5
40. Kc3 g4 41. hxg4 hxg4 42. Kc4 Rb8 43. Kc5 Kf5 44. b4 Rc8+ 45. Kd5 Rb8 46.
Rb2 Kf4 47. b5 Kg3 48. Kc6 Kh2 49. b6 g3 1-0

[Event "Nacional Sub 14 Femenino"]
[Site "Santiago de Cali Valle"]
[Date "????.??.??"]
[Round "3.3"]
[White "Pachon, Adriana"]
[Black "Calderon, Karen"]
[Result "1-0"]
[WhiteElo "1680"]
[BlackElo "1483"]
[PlyCount "99"]
[EventDate "2007.03.30"]

1. e4 c5 2. c3 d6 3. d4 cxd4 4. cxd4 e6 5. Nf3 Nf6 6. Nc3 a6 7. Be3 Be7 8. e5
dxe5 9. dxe5 Qxd1+ 10. Rxd1 Nfd7 11. Bc4 O-O 12. O-O Nc6 13. Bf4 Rd8 14. a3 b5
15. Ba2 Bb7 16. Rfe1 h6 17. Nd4 Nxd4 18. Rxd4 Nb6 19. Red1 Rxd4 20. Rxd4 Rc8
21. Be3 Bxa3 22. bxa3 Rxc3 23. Rd8+ Kh7 24. h3 Nd5 25. Rd7 Rc7 26. Rd6 Nxe3 27.
fxe3 Rc1+ 28. Kh2 Rc2 29. Bb1 Be4 30. Bxc2 Bxc2 31. Rxa6 Kg6 32. Rb6 Bd3 33.
Rb7 f6 34. exf6 gxf6 35. Kg3 Kf5 36. Kf2 e5 37. Rg7 h5 38. Rd7 Bc4 39. Rh7 Kg6
40. Rc7 Bd3 41. Rc5 Kf5 42. Ke1 Kg5 43. Rc3 Be4 44. Kf2 Bd5 45. Rc5 Bc4 46. a4
Kf5 47. axb5 Bd3 48. b6 Ba6 49. Ra5 Bb7 50. Ra7 1-0

[Event "Nacional Sub 14 Femenino"]
[Site "Santiago de Cali Valle"]
[Date "????.??.??"]
[Round "3.4"]
[White "Fiesco, Ivonne"]
[Black "Granaga, Angie"]
[Result "*"]
[WhiteElo "1654"]
[BlackElo "1671"]
[PlyCount "64"]
[EventDate "2007.03.30"]

1. c4 Nf6 2. Nc3 g6 3. Nf3 Bg7 4. d3 d6 5. g3 O-O 6. Bg2 Nbd7 7. O-O e5 8. e4
Nc5 9. b4 Ne6 10. Be3 Nd7 11. d4 exd4 12. Nxd4 Nxd4 13. Bxd4 Nf6 14. e5 dxe5
15. Bxe5 Qe7 16. Bxf6 Qxf6 17. Rc1 c6 18. Qc2 Bf5 19. Ne4 Qe7 20. c5 Rfe8 21.
Rfe1 Qc7 22. Qd2 Bxe4 23. Rxe4 Rxe4 24. Bxe4 Rd8 25. Qc2 Rd4 26. a3 Qd8 27. Bf3
Rd2 28. Rd1 Rxd1+ 29. Bxd1 Bd4 30. a4 Qf6 31. Qe2 Kg7 32. Kg2 Qf3+ *

[Event "Nacional Sub 14 Femenino"]
[Site "Santiago de Cali Valle"]
[Date "????.??.??"]
[Round "3.5"]
[White "Castrillon, Melissa"]
[Black "Castro, Natalia"]
[Result "1-0"]
[WhiteElo "1618"]
[BlackElo "1655"]
[PlyCount "89"]
[EventDate "2007.03.30"]

1. e4 e5 2. Nf3 Nc6 3. d4 exd4 4. Nxd4 Bc5 5. Nxc6 Qf6 6. Qd2 Qxc6 7. Nc3 Nf6
8. Bd3 O-O 9. O-O Bb4 10. Qe1 Bxc3 11. bxc3 Re8 12. f3 Nd5 13. exd5 Qc5+ 14.
Qf2 Qxd5 15. Qh4 g6 16. Qd4 Qxd4+ 17. cxd4 d5 18. Bf4 c6 19. Rfe1 Be6 20. Rab1
b5 21. Bh6 Rab8 22. f4 f5 23. h3 Kf7 24. Kf2 Rb6 25. c3 Ra6 26. Re2 Rb6 27. Kf3
a5 28. a3 Reb8 29. Rbe1 Re8 30. g4 fxg4+ 31. hxg4 b4 32. axb4 axb4 33. cxb4
Rxb4 34. f5 gxf5 35. Bxf5 Bxf5 36. Rxe8 Be4+ 37. R8xe4 dxe4+ 38. Rxe4 Rb1 39.
Be3 Rf1+ 40. Bf2 Kf6 41. Re1 Rxe1 42. Bxe1 Ke6 43. Kf4 Kd5 44. Bf2 h6 45. Kf5
1-0

[Event "Nacional Sub 14 Femenino"]
[Site "Santiago de Cali Valle"]
[Date "????.??.??"]
[Round "3.6"]
[White "Chirivi, Angie"]
[Black "Zambrano, Jenny"]
[Result "1-0"]
[WhiteElo "1543"]
[BlackElo "1411"]
[PlyCount "97"]
[EventDate "2007.03.30"]

1. e4 d5 2. exd5 Nf6 3. d4 Nxd5 4. c4 Nf6 5. Nf3 Bg4 6. Be2 e6 7. O-O Be7 8.
Nc3 O-O 9. Bf4 Bd6 10. Bg5 h6 11. Bh4 Nbd7 12. Ne5 Bxe2 13. Qxe2 Be7 14. Nxd7
Nxd7 15. Bxe7 Qxe7 16. Kh1 Rad8 17. f4 Qf6 18. Rad1 Nb6 19. Ne4 Qf5 20. Nc5 Rb8
21. Qe5 Qxe5 22. dxe5 Rfe8 23. b3 f6 24. exf6 gxf6 25. Nd7 Nxd7 26. Rxd7 Rbc8
27. Kg1 a6 28. Rf3 Kh8 29. Rh3 Red8 30. Rxh6+ Kg8 31. Rhh7 e5 32. fxe5 fxe5 33.
Rhe7 c5 34. Rxd8+ Rxd8 35. Rxe5 Rd2 36. Rxc5 Rxa2 37. Rc8+ Kf7 38. Rc7+ Kf6 39.
Rxb7 Ke5 40. h4 Kf5 41. Kh2 Kg4 42. c5 Rc2 43. Rb4+ Kh5 44. Rc4 Re2 45. c6 Re8
46. c7 Rc8 47. Kg3 a5 48. Rc5+ Kh6 49. h5 1-0

[Event "Nacional Sub 14 Femenino"]
[Site "Santiago de Cali Valle"]
[Date "????.??.??"]
[Round "3.7"]
[White "Zamora, Isabela"]
[Black "Zapata, Zuleidy"]
[Result "0-1"]
[WhiteElo "1507"]
[BlackElo "1650"]
[PlyCount "88"]
[EventDate "2007.03.30"]

1. e4 c5 2. Nf3 d6 3. d4 cxd4 4. Nxd4 Nf6 5. Nc3 a6 6. f3 e5 7. Nb3 Be7 8. Be3
Be6 9. Qd2 Nbd7 10. O-O-O O-O 11. g4 Rc8 12. Kb1 b5 13. h4 Nb6 14. Bxb6 Qxb6
15. h5 Qc7 16. g5 Ne8 17. g6 Nf6 18. h6 fxg6 19. hxg7 Kxg7 20. Qh6+ Kg8 21. Rd2
Rf7 22. Rg2 Rg7 23. Bd3 Bf8 24. Nd5 Bxd5 25. exd5 Qf7 26. Bxg6 Rxg6 27. Rxg6+
Qxg6 28. Qxg6+ hxg6 29. Rd1 Kf7 30. c3 Rc4 31. Rd3 Bh6 32. a3 Nh5 33. Kc2 Nf4
34. Rd2 g5 35. Na5 Rc5 36. Nb7 Rxd5 37. Nxd6+ Ke6 38. Rxd5 Nxd5 39. Ne4 Kf5 40.
Kd3 Kf4 41. b3 Kxf3 42. c4 bxc4+ 43. bxc4 Nf4+ 44. Kc3 Kxe4 0-1

[Event "Nacional Sub 14 Femenino"]
[Site "Santiago de Cali Valle"]
[Date "????.??.??"]
[Round "3.8"]
[White "Moreno, Ana"]
[Black "Garcia, Linda"]
[Result "1-0"]
[WhiteElo "1634"]
[BlackElo "1500"]
[PlyCount "51"]
[EventDate "2007.03.30"]

1. e4 c5 2. Nf3 d6 3. d4 cxd4 4. Nxd4 Nf6 5. Nc3 a6 6. Be3 Nbd7 7. Be2 Qc7 8.
f3 e6 9. Qd2 Be7 10. g4 b5 11. a3 O-O 12. g5 Ne8 13. O-O-O Bb7 14. h4 d5 15.
exd5 exd5 16. Nf5 Nc5 17. Nxe7+ Qxe7 18. b4 Ne6 19. Nxd5 Bxd5 20. Qxd5 Rd8 21.
Qe4 f5 22. Qe5 Qf7 23. Rxd8 Nxd8 24. Qf4 Ne6 25. Qh2 f4 26. Bd2 {
Planilla ilegible} 1-0

[Event "Nacional Sub 14 Femenino"]
[Site "Santiago de Cali Valle"]
[Date "????.??.??"]
[Round "3.9"]
[White "Lugo, Luz Adriana"]
[Black "Monsalve, Luz Adriana"]
[Result "1-0"]
[WhiteElo "1500"]
[BlackElo "1613"]
[PlyCount "75"]
[EventDate "2007.03.30"]

1. e4 e5 2. Nf3 Nf6 3. Bc4 Nxe4 4. d3 Nf6 5. Nxe5 Qe7 6. Qe2 d5 7. Bb3 Nc6 8.
Nxc6 Qxe2+ 9. Kxe2 bxc6 10. Re1 Be7 11. Kf1 Be6 12. Nd2 O-O 13. Nf3 Bd6 14. h3
Bf5 15. Bd2 Rfe8 16. Nd4 Bd7 17. Ba4 Be5 18. Bc3 Rab8 19. Bxc6 Bxc6 20. Nxc6
Bxc3 21. bxc3 Rxe1+ 22. Kxe1 Rb2 23. Kd2 a6 24. Nb4 a5 25. Kc1 Rxb4 26. cxb4
axb4 27. a3 bxa3 28. Rxa3 Kf8 29. Ra7 Nh5 30. Rxc7 Nf4 31. Rd7 Ke8 32. Ra7 Nxg2
33. c4 d4 34. c5 Nf4 35. Kd2 Kd8 36. Rxf7 Nxh3 37. Rxg7 Nxf2 38. Rxh7 {
Planilla ilegible} 1-0

[Event "Nacional Sub 14 Femenino"]
[Site "Santiago de Cali Valle"]
[Date "????.??.??"]
[Round "3.10"]
[White "Maldonado, Lina"]
[Black "Renteria, Manuela"]
[Result "0-1"]
[WhiteElo "1496"]
[BlackElo "1605"]
[PlyCount "90"]
[EventDate "2007.03.30"]

1. c4 e5 2. Nc3 Nf6 3. g3 Nc6 4. Bg2 Bc5 5. Nf3 d6 6. O-O Be6 7. d3 h6 8. Bd2
Qd7 9. Qb3 O-O-O 10. Na4 g5 11. Nxc5 dxc5 12. Nxe5 Qd6 13. Nxc6 bxc6 14. Bc3
Qe7 15. Bxc6 Rdg8 16. Qb7+ Kd8 17. Rad1 Qd6 18. Bb5 Ke7 19. Bxf6+ Kxf6 20. Qxa7
Bh3 21. Rfe1 c6 22. Qb6 Bd7 23. d4 Rb8 24. Qxc5 Qxc5 25. dxc5 cxb5 26. Rxd7
bxc4 27. Rb1 Rb5 28. c6 Rc5 29. c7 Rc8 30. b3 c3 31. Rc1 R8xc7 32. Rxc7 Rxc7
33. Kg2 Ke5 34. a4 Kd4 35. Rd1+ Kc5 36. a5 Kb4 37. Kf3 c2 38. Rc1 Kxb3 39. Ke3
Rd7 40. a6 Kb2 41. a7 Rxa7 42. Rf1 c1=Q+ 43. Rxc1 Kxc1 44. Kf3 Kd1 45. e3 Ra2
0-1

[Event "Nacional Sub 14 Femenino"]
[Site "Santiago de Cali Valle"]
[Date "????.??.??"]
[Round "3.11"]
[White "Chavez, Diana"]
[Black "Chamorro, Maryory"]
[Result "1-0"]
[WhiteElo "1603"]
[BlackElo "1339"]
[PlyCount "143"]
[EventDate "2007.03.30"]

1. d4 d5 2. Nf3 e6 3. c4 f5 4. Bg5 Nf6 5. Nbd2 c6 6. Ne5 Nbd7 7. Ndf3 Bd6 8. e3
h6 9. Bh4 O-O 10. Bd3 Qe8 11. c5 Bc7 12. b4 a5 13. a3 b6 14. Nxc6 Nxc5 15. bxc5
Qxc6 16. O-O bxc5 17. dxc5 Qxc5 18. Rc1 Qd6 19. Bg3 Qxa3 20. Bxc7 Bd7 21. Bg3
Rad8 22. Ne5 Ba4 23. Qd2 Ne4 24. Bxe4 dxe4 25. Qxa5 Rd5 26. Qc3 Qxc3 27. Rxc3
Rfd8 28. h3 g5 29. Ng6 Kf7 30. Ne5+ Kf6 31. Rc7 Rxe5 32. Bxe5+ Kxe5 33. Rh7 f4
34. Rxh6 fxe3 35. fxe3 Rg8 36. Ra1 Bc6 37. Ra6 Kd6 38. h4 gxh4 39. Rxh4 Kd5 40.
Rh5+ Kd6 41. Kh2 Kd7 42. Rh7+ Kd6 43. g3 Kd5 44. Rh5+ Kd6 45. Kh3 Kd7 46. Rh7+
Kd6 47. Kh4 Kd5 48. Rh5+ Kd6 49. g4 Kd7 50. Rh7+ Kd6 51. Kh5 Kd5 52. Ra5+ Kc4
53. Rc7 Kb4 54. Rg5 Rh8+ 55. Kg6 Be8+ 56. Kg7 Rh3 57. Rgc5 Rxe3 58. Rc1 Rb3 59.
R7c4+ Ka3 60. Rxe4 Rb7+ 61. Kf6 Rb6 62. Ree1 Bd7 63. Ra1+ Kb4 64. Rab1+ Kc5 65.
Rec1+ Kd5 66. Rxb6 e5 67. Rd1+ Kc5 68. Rxd7 Kxb6 69. Kxe5 Ka6 70. Rc7 Kb6 71.
Rc1 Kb5 72. g5 1-0

[Event "Nacional Sub 14 Femenino"]
[Site "Santiago de Cali Valle"]
[Date "????.??.??"]
[Round "3.12"]
[White "Loaiza, Yurany"]
[Black "Fiesco, Valentina"]
[Result "1-0"]
[WhiteElo "1411"]
[BlackElo "1592"]
[PlyCount "107"]
[EventDate "2007.03.30"]

1. e4 e5 2. Nf3 Nc6 3. Nc3 Nf6 4. Bb5 d6 5. d4 exd4 6. Qxd4 Bd7 7. Bxc6 Bxc6 8.
Bg5 Be7 9. O-O-O Qd7 10. Rhe1 O-O 11. e5 Ne8 12. Bxe7 Qxe7 13. exd6 Qxd6 14.
Qc4 Qh6+ 15. Kb1 Nd6 16. Qg4 Qg6 17. Qxg6 fxg6 18. Nd5 Bxd5 19. Rxd5 Rae8 20.
Rde5 a6 21. Kc1 Rxe5 22. Rxe5 Re8 23. Rxe8+ Nxe8 24. Kd2 Kf7 25. Ng5+ Kg8 26.
Ne6 c6 27. Kd3 h6 28. Kd4 Kf7 29. Nd8+ Ke7 30. Nxb7 Nc7 31. h3 Nb5+ 32. Kc5 Kd7
33. Na5 Na7 34. Nc4 Kc7 35. Ne5 g5 36. Nc4 Nc8 37. a3 h5 38. Ne5 Ne7 39. Nf7 g4
40. hxg4 hxg4 41. Ne5 Ng8 42. Nxc6 Nf6 43. f3 g5 44. Ne5 g3 45. Ng4 Nd7+ 46.
Kd5 Nb6+ 47. Ke5 Nc4+ 48. Kf5 Nd6+ 49. Kxg5 Nf7+ 50. Kf4 Nd6 51. Kxg3 Nf5+ 52.
Kf4 Nd4 53. Ne3 Ne6+ 54. Ke5 1-0

[Event "Nacional Sub 14 Femenino"]
[Site "Santiago de Cali Valle"]
[Date "????.??.??"]
[Round "3.13"]
[White "Pulido, Lina"]
[Black "Rodriguez, Sofia"]
[Result "1-0"]
[WhiteElo "1585"]
[BlackElo "1469"]
[PlyCount "95"]
[EventDate "2007.03.30"]

1. e4 e5 2. Nf3 Nc6 3. Bc4 Bc5 4. c3 Nf6 5. d4 exd4 6. O-O d5 7. exd5 Nxd5 8.
cxd4 Bb6 9. Re1+ Be6 10. Bxd5 Qxd5 11. Nc3 Qd7 12. d5 O-O 13. dxe6 Qxd1 14.
exf7+ Rxf7 15. Rxd1 Nb4 16. a3 Nc2 17. Rb1 Ba5 18. b4 Bb6 19. Rd2 Nd4 20. Nxd4
Bxd4 21. Rxd4 Re8 22. Bd2 b6 23. Re1 Rxe1+ 24. Bxe1 Re7 25. Kf1 c5 26. bxc5
bxc5 27. Rc4 Rc7 28. Nb5 Rb7 29. Rxc5 a6 30. Rc8+ Kf7 31. Rc7+ Rxc7 32. Nxc7 a5
33. Bxa5 Ke7 34. Bc3 g6 35. a4 Kd7 36. Nd5 Kc6 37. Nf6 h6 38. a5 Kb5 39. Bb4
Ka6 40. Ng4 h5 41. Nf6 Ka7 42. Nxh5 gxh5 43. f4 h4 44. f5 h3 45. f6 hxg2+ 46.
Kxg2 Kb7 47. f7 Ka7 48. f8=Q 1-0

[Event "Nacional Sub 14 Femenino"]
[Site "Santiago de Cali Valle"]
[Date "????.??.??"]
[Round "3.14"]
[White "Gaviria, Maria"]
[Black "Ruiz, Justin"]
[Result "1-0"]
[WhiteElo "1327"]
[BlackElo "1536"]
[PlyCount "65"]
[EventDate "2007.03.30"]

1. e4 e5 2. Bc4 Nf6 3. Nc3 Bc5 4. Nf3 Nc6 5. d3 h6 6. h3 O-O 7. O-O d6 8. Re1
Be6 9. Bxe6 fxe6 10. Bd2 Kh8 11. Nh4 Nh7 12. Ng6+ Kg8 13. Nxf8 Qxf8 14. Be3 Bb6
15. Bxb6 axb6 16. Rf1 Ng5 17. Qd2 Qf6 18. f4 exf4 19. Qxf4 Qg6 20. Qg3 Nd4 21.
Rac1 Rxa2 22. Kh2 Ra8 23. h4 Qh5 24. Rf2 Nf7 25. Rcf1 Rf8 26. Kg1 e5 27. Nd5
Ne6 28. Ne7+ Kh8 29. Nf5 c5 30. c3 b5 31. Qh3 Qg6 32. h5 Nf4 33. Rxf4 1-0

[Event "Nacional Sub 14 Femenino"]
[Site "Santiago de Cali Valle"]
[Date "????.??.??"]
[Round "3.16"]
[White "Garzon, Laura"]
[Black "Bonilla, Maria"]
[Result "0-1"]
[WhiteElo "1500"]
[BlackElo "1300"]
[PlyCount "106"]
[EventDate "2007.03.30"]

1. e4 e5 2. Nf3 Nc6 3. Bc4 Nf6 4. d3 d6 5. h3 Be7 6. Nc3 O-O 7. O-O h6 8. Nh2
Be6 9. Bb3 d5 10. f4 Bc5+ 11. Kh1 dxe4 12. dxe4 Qxd1 13. Rxd1 Bb4 14. f5 Bxb3
15. axb3 Bxc3 16. bxc3 Nxe4 17. Rd7 Rac8 18. Bb2 Ng3+ 19. Kg1 Nxf5 20. Nf3 Ne3
21. Rd2 Rfd8 22. Rxd8+ Rxd8 23. Rc1 Rd1+ 24. Rxd1 Nxd1 25. Kf1 Nxb2 26. Ke2 e4
27. Ne1 a5 28. Kd2 a4 29. Kc1 axb3 30. Kxb2 bxc2 31. Kxc2 f5 32. Kd2 Kf7 33.
Ke3 Ke6 34. g3 Ke5 35. Ng2 g5 36. c4 Na5 37. c5 c6 38. g4 f4+ 39. Kf2 e3+ 40.
Nxe3 fxe3+ 41. Kxe3 Nb3 42. Kf3 Nxc5 43. Ke3 b5 44. Kd2 Kd4 45. Kc2 Kc4 46. Kb2
b4 47. Ka2 b3+ 48. Kb2 Nd3+ 49. Kb1 b2 50. Ka2 Kc3 51. Kb1 Kb4 52. Kc2 Ka3 53.
Kb1 Nf4 0-1

[Event "Nacional Sub 14 Femenino"]
[Site "Santiago de Cali Valle"]
[Date "????.??.??"]
[Round "3.17"]
[White "Barbosa, Daniela"]
[Black "Agudelo, Alejandra"]
[Result "1-0"]
[WhiteElo "1461"]
[BlackElo "1399"]
[PlyCount "60"]
[EventDate "2007.03.30"]

1. e4 e5 2. Nf3 Nc6 3. Bc4 Bc5 4. Nc3 Nf6 5. O-O O-O 6. h3 d6 7. d3 h6 8. Be3
Bb4 9. a3 Bxc3 10. bxc3 Bd7 11. Qe2 Re8 12. Rab1 b6 13. Nh2 Qe7 14. Qf3 Be6 15.
Bb5 Bd7 16. Qg3 Nh5 17. Qf3 Nf6 18. Ng4 Nxg4 19. hxg4 Nb8 20. Bc4 Rf8 21. Qg3
Ba4 22. Bb3 Bxb3 23. Rxb3 Nd7 24. g5 hxg5 25. Bxg5 Qe6 26. f4 f6 27. Bh6 Qf7
28. fxe5 dxe5 29. Kf2 Kh7 30. Be3 f5 1-0

[Event "Nacional Sub 14 Femenino"]
[Site "Santiago de Cali Valle"]
[Date "????.??.??"]
[Round "3.18"]
[White "Mesa, Brenda"]
[Black "Fong, Shueling"]
[Result "0-1"]
[WhiteElo "1550"]
[BlackElo "1396"]
[PlyCount "88"]
[EventDate "2007.03.30"]

1. e4 e5 2. Nf3 Nc6 3. Bb5 a6 4. Ba4 Nf6 5. O-O b5 6. Bb3 Bc5 7. Re1 Ng4 8. Re2
d6 9. c3 O-O 10. d4 exd4 11. cxd4 Bb4 12. Nbd2 Qf6 13. Nf1 Re8 14. Ng3 Nh6 15.
Bg5 Qg6 16. a3 Ba5 17. Qd3 Bg4 18. Bxh6 Qxh6 19. Bd5 Bd7 20. b4 Bb6 21. Rc1
Qxc1+ 22. Re1 Qb2 23. Qe3 Rad8 24. Qf4 Re7 25. Qg5 Bxd4 26. Bxc6 Bxf2+ 27. Kh1
f6 28. Qd5+ Be6 29. Qd1 Bxe1 30. Qxe1 d5 31. exd5 Qc2 32. Bb7 Kf7 33. dxe6+
Rxe6 34. Qf1 Rd1 35. Qxd1 Qxd1+ 36. Ng1 Re1 37. h4 Rxg1+ 38. Kh2 Re1 39. Bxa6
Qg4 40. Bc8 Qxc8 41. Nh1 Qg4 42. g3 Re2+ 43. Kg1 Qd4+ 44. Kf1 Qd1# 0-1

[Event "Nacional Sub 14 Femenino"]
[Site "Santiago de Cali Valle"]
[Date "????.??.??"]
[Round "3.19"]
[White "Garcia, Mildrey"]
[Black "Ocampo, Derly"]
[Result "0-1"]
[WhiteElo "1373"]
[BlackElo "1536"]
[PlyCount "64"]
[EventDate "2007.03.30"]

1. e4 e5 2. Nf3 Nc6 3. Bb5 a6 4. Ba4 Bc5 5. O-O b5 6. Bb3 Nf6 7. Nc3 O-O 8. h3
Bb7 9. a3 Nd4 10. d3 Nxb3 11. cxb3 d6 12. Be3 Ba7 13. Bxa7 Rxa7 14. d4 exd4 15.
Nxd4 Nxe4 16. Nxe4 Bxe4 17. Qg4 Qa8 18. f3 Bg6 19. Rac1 c5 20. Nf5 Bxf5 21.
Qxf5 Re7 22. Rce1 Rfe8 23. Qb1 Qd5 24. Qd1 Qc6 25. Re2 Rxe2 26. b4 cxb4 27.
axb4 Qc2 28. Qxc2 Rxc2 29. Rd1 Re6 30. Ra1 Rxb2 31. Rxa6 g6 32. g4 Re1# 0-1

[Event "Nacional Sub 14 Femenino"]
[Site "Santiago de Cali Valle"]
[Date "????.??.??"]
[Round "3.20"]
[White "Ruiz, Camila"]
[Black "Loaiza, Angelica"]
[Result "1-0"]
[WhiteElo "1500"]
[BlackElo "1300"]
[PlyCount "65"]
[EventDate "2007.03.30"]

1. e4 e5 2. Nf3 Nc6 3. Bc4 Bc5 4. b4 Bxb4 5. c3 Bc5 6. d4 exd4 7. cxd4 Nxd4 8.
Nxd4 Bxd4 9. Qxd4 c6 10. Qxg7 Qf6 11. Qxf6 Nxf6 12. e5 Ne4 13. Bb2 d5 14. exd6
O-O 15. O-O Rd8 16. Re1 Re8 17. Nc3 b5 18. Nxe4 bxc4 19. Nf6+ Kf8 20. Nxe8 Bd7
21. Nf6 Rd8 22. Nxd7+ Rxd7 23. Ba3 f6 24. Re2 f5 25. Rae1 Rf7 26. d7+ Kg8 27.
d8=Q+ Kg7 28. Re7 Rxe7 29. Rxe7+ Kg6 30. Qg8+ Kf6 31. Qf7+ Kg5 32. Qg7+ Kf4 33.
Qg3# 1-0

[Event "Nacional Sub 14 Femenino"]
[Site "Santiago de Cali Valle"]
[Date "????.??.??"]
[Round "4.1"]
[White "Casrillon, Melisa"]
[Black "Pachon, Adriana"]
[Result "0-1"]
[WhiteElo "1618"]
[BlackElo "1680"]
[PlyCount "64"]
[EventDate "2007.03.30"]

1. e4 e5 2. Nc3 Nf6 3. f4 Nc6 4. Nf3 exf4 5. d4 Bb4 6. d5 Bxc3+ 7. bxc3 Ne7 8.
Bd3 d6 9. Bxf4 Ng6 10. Bd2 Bg4 11. h3 Bxf3 12. Qxf3 Qe7 13. Bb5+ Nd7 14. O-O
O-O 15. Bxd7 Qxd7 16. c4 Ne5 17. Qb3 b6 18. Bc3 Rfe8 19. Rf5 Ng6 20. Raf1 f6
21. Bb2 Rxe4 22. Qd3 Rae8 23. Qb3 Re3 24. Bc3 Rg3 25. Qb2 Nh4 26. R5f3 Nxf3+
27. Rxf3 Rxf3 28. gxf3 Qxh3 29. Kf2 Qh2+ 30. Kf1 Qe2+ 31. Kg1 Qxf3 32. Qa1 Re2
0-1

[Event "Nacional Sub 14 Femenino"]
[Site "Santiago de Cali Valle"]
[Date "????.??.??"]
[Round "4.2"]
[White "Rodriguez, Paula"]
[Black "Salazar, Aura"]
[Result "0-1"]
[WhiteElo "1705"]
[BlackElo "1663"]
[PlyCount "50"]
[EventDate "2007.03.30"]

1. Nf3 Nf6 2. d4 g6 3. c4 Bg7 4. Nc3 O-O 5. e4 d6 6. Bd3 e5 7. d5 Nbd7 8. O-O
Nh5 9. Re1 Nf4 10. Be3 Nc5 11. Bxc5 Nxd3 12. Qxd3 dxc5 13. Qe3 Qe7 14. Rad1 Bd7
15. h3 Rad8 16. a3 f5 17. Nd2 f4 18. Qd3 g5 19. f3 h5 20. Qe2 g4 21. Kh2 Qh4
22. fxg4 hxg4 23. Qd3 f3 24. Rf1 g3+ 25. Kg1 f2+ 0-1

[Event "Nacional Sub 14 Femenino"]
[Site "Santiago de Cali Valle"]
[Date "????.??.??"]
[Round "4.3"]
[White "Granada, Angie"]
[Black "Chirivi, Angie"]
[Result "1-0"]
[WhiteElo "1671"]
[BlackElo "1543"]
[PlyCount "91"]
[EventDate "2007.03.30"]

1. d4 d5 2. c4 dxc4 3. Nf3 Nf6 4. e3 e6 5. Bxc4 a6 6. a4 c5 7. O-O Nbd7 8. Qe2
Be7 9. Rd1 O-O 10. dxc5 Bxc5 11. b3 Qe7 12. Bb2 Nb6 13. Bd3 Bd7 14. Nbd2 Rac8
15. Nc4 Nxc4 16. Bxc4 Bc6 17. Rac1 Bb6 18. Nd4 Bxd4 19. exd4 Nd5 20. Qg4 Qf6
21. Rd2 Qh6 22. Rd3 f5 23. Qd1 Nf4 24. Rg3 Nd5 25. Qe1 f4 26. Rh3 Qf6 27. Bd3
g6 28. Be4 Qg7 29. Qd2 Rc7 30. Ba3 Rf6 31. Bd6 Rcf7 32. Be5 Bd7 33. Qa5 f3 34.
Rxf3 Qh6 35. Rc2 Rxf3 36. Bxf3 Bc6 37. h3 Qg5 38. Be4 Ne3 39. f4 Qe7 40. Re2
Bxe4 41. Rxe3 Bd5 42. Rc3 Qe8 43. Rc5 Bxb3 44. Qc3 Qxa4 45. Rc8+ Rf8 46. Qc7
1-0

[Event "Nacional Sub 14 Femenino"]
[Site "Santiago de Cali Valle"]
[Date "????.??.??"]
[Round "4.4"]
[White "Baquero, Yuri"]
[Black "Fiesco, Valentina"]
[Result "0-1"]
[WhiteElo "1631"]
[BlackElo "1654"]
[PlyCount "144"]
[EventDate "2007.03.30"]

1. e4 e5 2. Nf3 d6 3. Bc4 Nd7 4. c3 Be7 5. d4 Nb6 6. Bb3 Nd7 7. O-O c6 8. Be3
Ngf6 9. Nbd2 O-O 10. Bc2 b6 11. Nb3 Bb7 12. Re1 Qc7 13. Rc1 Rfd8 14. a3 a6 15.
h3 b5 16. Qe2 Re8 17. Bd2 Bf8 18. Bg5 h6 19. Bh4 Kh8 20. Rcd1 exd4 21. cxd4
Nxe4 22. Bxe4 d5 23. Bg3 Bd6 24. Bxd6 Qxd6 25. Qc2 dxe4 26. Rxe4 Rad8 27. Rxe8+
Rxe8 28. Nc5 Bc8 29. Nxd7 Bxd7 30. Ne5 Qd5 31. Nxd7 Qxd7 32. Qc5 Rd8 33. Rc1
Qd6 34. Qxc6 Qxd4 35. Qc3 Qxc3 36. Rxc3 Rd1+ 37. Kh2 Rd2 38. Rc6 a5 39. b4 axb4
40. axb4 Rb2 41. Kg3 Rxb4 42. Rc1 Rb2 43. Kf3 b4 44. Ke3 b3 45. g3 Kh7 46. f4
Rg2 47. Kf3 b2 48. Rb1 Rc2 49. Ke3 Kg6 50. Ke4 Kf6 51. g4 Rc4+ 52. Ke3 Rc2 53.
Ke4 g6 54. h4 Ke6 55. Kd3 Rg2 56. g5 hxg5 57. hxg5 Kf5 58. Ke3 Rg3+ 59. Kf2 Rb3
60. Ke2 Kxf4 61. Kd2 Kxg5 62. Kc2 Rb6 63. Rg1+ Kh6 64. Kb1 g5 65. Re1 Kg6 66.
Re8 Kf5 67. Rc8 Rb4 68. Rc5+ Kg4 69. Rc8 f5 70. Rc2 f4 71. Rf2 Kg3 72. Rf1 Kg2
0-1

[Event "Nacional Sub 14 Femenino"]
[Site "Santiago de Cali Valle"]
[Date "????.??.??"]
[Round "4.5"]
[White "Mora, Monica"]
[Black "Pulido, Lina"]
[Result "0-1"]
[WhiteElo "1688"]
[BlackElo "1585"]
[PlyCount "72"]
[EventDate "2007.03.30"]

1. e4 e5 2. Nf3 Nc6 3. Bc4 Bc5 4. b4 Bxb4 5. c3 Be7 6. Qb3 Nh6 7. d3 Na5 8. Qa4
Nxc4 9. Qxc4 d6 10. Bxh6 gxh6 11. Qa4+ Bd7 12. Qc2 Rg8 13. Rg1 Bg4 14. Nfd2 h5
15. f3 Bh3 16. g3 Bg5 17. Nf1 h4 18. Qf2 Rg6 19. gxh4 Bxh4 20. Ng3 Qg5 21. Qd2
Qf4 22. Kf2 Ke7 23. Ke2 Bxg3 24. hxg3 Rxg3 25. Qxf4 exf4 26. Rxg3 fxg3 27. Nd2
h5 28. Rh1 g2 29. Rg1 Rg8 30. Nc4 h4 31. Ne3 Be6 32. a3 h3 33. Nf5+ Bxf5 34.
exf5 h2 35. Kf2 h1=Q 36. Rxh1 gxh1=Q 0-1

[Event "Nacional Sub 14 Femenino"]
[Site "Santiago de Cali Valle"]
[Date "????.??.??"]
[Round "4.6"]
[White "Zapata, Zuleidy"]
[Black "Lugo, Adriana"]
[Result "1-0"]
[WhiteElo "1650"]
[BlackElo "1500"]
[PlyCount "115"]
[EventDate "2007.03.30"]

1. e4 e5 2. Nf3 Nf6 3. Nxe5 d6 4. Nf3 Nxe4 5. Nc3 Nf6 6. d4 d5 7. h3 h6 8. Be3
Be7 9. Qd2 Bb4 10. Bd3 Be6 11. O-O Nbd7 12. a3 Bxc3 13. Qxc3 Ne4 14. Bxe4 dxe4
15. Nd2 Nf6 16. Qb4 Rb8 17. c4 Qd7 18. Kh2 c6 19. Bf4 Rd8 20. Be5 b6 21. Qc3
Qe7 22. Qg3 Nh5 23. Qe3 f6 24. Bg3 Nxg3 25. Qxg3 Qd6 26. Nxe4 Qxg3+ 27. Nxg3
O-O 28. Rfd1 Bxc4 29. Rac1 Bd5 30. Nf5 Rfe8 31. Ne3 Rc8 32. Nf5 Rcd8 33. Re1
Kh7 34. Ne7 Rd6 35. Re3 Re6 36. Rxe6 Bxe6 37. Nxc6 Rc8 38. Rc3 a5 39. Na7 Rxc3
40. bxc3 Bc4 41. Nc8 b5 42. Nd6 Bd3 43. Kg3 Kg8 44. Kf4 g5+ 45. Kg4 Kg7 46. h4
Kg6 47. h5+ Kg7 48. Nf5+ Kh7 49. d5 Bc4 50. Ne3 Be2+ 51. f3 Bd3 52. d6 b4 53.
d7 bxc3 54. d8=Q Bb5 55. Qxf6 c2 56. Qg6+ Kh8 57. Nf5 Be8 58. Qg7# 1-0